000 00425 a2200145 4500
001 ART_6352
005 20260410161825.0
008 260409a
245 1 0 _aUn nuevo enfoque para el análisis de las organizaciones
100 1 _aCampos, Silvia
700 1 _aCarro, Roberto
700 1 _aDuran, Claudia
700 1 _aFernández, Hugo O.
773 0 _tFACES
_g- Año 6, Nº 9 (set./dic. 2000)
_wREV5046
999 _c22733
_d22733